|
|
|
|
| LEADER |
00000naa2a2200000 4500 |
| 001 |
143612 |
| 005 |
20231031143258.0 |
| 035 |
|
|
|a (RuTPU)RU\TPU\book\155634
|
| 090 |
|
|
|a 143612
|
| 100 |
|
|
|a 20080922d2005 k y0rusy50 ca
|
| 101 |
0 |
|
|a rus
|
| 102 |
|
|
|a RU
|
| 200 |
1 |
|
|a Разработка программно-информационной системы методического обеспечения по курсу "Теория языков программирования и методов трансляции"
|f Т. В. Бебих, В. Т. Калайда
|
| 320 |
|
|
|a Библиогр.: 3 назв.
|
| 463 |
|
0 |
|0 (RuTPU)RU\TPU\book\118408
|t Молодежь и современные информационные технологии
|o сборник трудов III Всероссийской научно-практической конференции студентов, г. Томск, 15 февраля - 17 февраля 2005 г.
|f Томский политехнический университет
|v С. 14-15
|d 2005
|p 284 с.
|
| 610 |
1 |
|
|a программирование
|
| 610 |
1 |
|
|a языки программирования
|
| 610 |
1 |
|
|a программно-информационные системы
|
| 610 |
1 |
|
|a методическое обеспечение
|
| 610 |
1 |
|
|a обучение
|
| 610 |
1 |
|
|a интенсификация
|
| 610 |
1 |
|
|a методы обучения
|
| 610 |
1 |
|
|a учебники
|
| 610 |
1 |
|
|a электронные учебники
|
| 610 |
1 |
|
|a компьютерные учебные пособия
|
| 610 |
1 |
|
|a труды учёных ТПУ
|
| 700 |
|
1 |
|a Бебих
|b Т. В.
|
| 701 |
|
1 |
|a Калайда
|b В. Т.
|
| 801 |
|
1 |
|a RU
|b 63413507
|c 20080922
|g PSBO
|
| 942 |
|
|
|c BK
|